Normal view
MARC view
- SIGNAL PROCESSING-MATHEMATICS. WAVELETS(MATHEMATICS)
Entry Topical Term
001 - CONTROL NUMBER
- control field: 60267
003 - CONTROL NUMBER IDENTIFIER
- control field: NUST
005 - DATE AND TIME OF LATEST TRANSACTION
- control field: 20210628202520.0
008 - FIXED-LENGTH DATA ELEMENTS
- fixed length control field: 210628|| aca||aabn | a|a d
040 ## - CATALOGING SOURCE
- Original cataloging agency: NUST
- Transcribing agency: NUST
150 ## - HEADING--TOPICAL TERM
- Topical term or geographic name entry element: SIGNAL PROCESSING-MATHEMATICS. WAVELETS(MATHEMATICS)
670 ## - SOURCE DATA FOUND
- Source citation: Work cat.: (NUST): Debnath , Lokenath 39809, Wavelets and signal processing, 2003
